Il patalogo dieci, annuario 1987 dello spettacolo. Cinema + televisione + video /

Gespeichert in:
Bibliographische Detailangaben
Weitere Verfasser: Quadri, Franco
Format: Buch
Sprache:Italienisch
Veröffentlicht: Milano : Ubulibri, 1987
Schlagworte:
Tags: Tag hinzufügen
Keine Tags, Fügen Sie das erste Tag hinzu!

MARC

LEADER 00000nam a22000007ib4500
001 IT\ICCU\RAV\0026853
003 ItRI
005 20260115231929.0
008 880413s1987 it |||||| ||||| |||||c
020 |a 887748070X 
040 |b ita  |c importazione bologna sebina 
041 7 |a ita  |2 ISO-639-2 
082 |a 791  |9 SPETTACOLI PUBBLICI  |2 20 
245 0 3 |a Il patalogo dieci,  |p annuario 1987 dello spettacolo. Cinema + televisione + video /  |c \direzione editoriale: Franco Quadri!. 
246 1 3 |a Annuario dello spettacolo. -  |9 IT\ICCU\RAV\0107371 
246 1 3 |a Il patalogo. -  |9 IT\ICCU\RAV\0107361 
260 |a Milano :  |b Ubulibri,  |c 1987 
300 |a 281 p. :  |b ill. ;  |c 24 cm. 
500 |a Titolo estrapolato  |0 IT\ICCU\RAV\0107361 
500 |a Titolo estrapolato  |0 IT\ICCU\RAV\0107371 
650 7 |a CINEMATOGRAFO  |x 1986-1987  |x Annuari  |2 scbi 
650 7 |a SPETTACOLI  |x 1986-1987  |x Annuari  |2 scbi 
650 7 |a TELEVISIONE  |x 1986-1987  |x Annuari  |2 scbi 
650 7 |a VIDEOPRODUZIONI  |x 1986-1987  |x Annuari  |2 scbi 
700 1 |a Quadri, Franco  |0 IT\ICCU\CFIV\039002 
773 0 |w IT\ICCU\VEA\0006022  |t Il patalogo ...  |g 10 
942 |2 ddc  |c BK  |n 0 
952 |0 0  |1 0  |4 0  |6 DOC_791_405000000000000_PAT  |7 0  |9 16908  |a BO  |b BO  |d 2026-01-15  |i 6006  |l 0  |o DOC 791.405 PAT  |p BO6006  |r 2026-01-15 23:19:29  |w 2026-01-15  |x [Sebina 7] [1 v.]  |y BK  |z 1 v. 
999 |c 14444  |d 14444